| 000 | 01452nam a2200361 a 4500 | ||
|---|---|---|---|
| 999 |
_c116676 _d116676 |
||
| 003 | BLK | ||
| 005 | 20241207155255.0 | ||
| 008 | 180409b bul|||||r ||||||| ||bul|| | ||
| 010 | _aKNG00122235000 | ||
| 040 | _aBLK | ||
| 041 |
_aBUL _cBUL |
||
| 080 |
_aМузика _b78 _x(497.2) _z78(497.2) |
||
| 100 | 1 |
_aХристов, Добри Лазаров _eпърви автор _9376372 |
|
| 139 |
_aХристов, Добри Лазаров _bХ 78 |
||
| 245 | 1 | 0 |
_aМузикално-теоретично и публицистическо наследство _bТ. 1 - _cДобри Лазаров Христов; състав. Венелин Кръстев. _nТ. 2 |
| 257 | _aBGR | ||
| 260 |
_aСофия _bБАН _c1967 - |
||
| 300 | _c24 см | ||
| 380 | _a7 | ||
| 500 | _aИзд. на БАН. Инст. за музика. | ||
| 650 | 0 |
_aМузика - България _9256005 |
|
| 653 | _aмузика | ||
| 653 | _aБългария | ||
| 700 |
_aКръстев, Венелин Георгиев _d1919-2015 _9429750 |
||
| 760 | 1 |
_aХристов, Добри Лазаров _d1970 _h372 с. : с ноти _nБиблиогр. с. 363 - 367. _tТ. 2 |
|
| 852 | _aЦб 43545 | ||
| 856 | 4 | _qpdf | |
| 856 | 4 | _qpdf | |
| 942 |
_cKNG _n0 _01 _s1 |
||
| 944 |
_aCR _c21.03.2011 _lГеновева Генчева _k30560 |
||
| 944 |
_aED _c21.07.2015 _lдобави в АБ / 19.03.2011 _kИрена_Линкова |
||
| 999 | _d116676 | ||